000 03566nam a22003855i 4500
001 978-3-031-36476-1
003 DE-He213
005 20250131131502.0
007 cr nn 008mamaa
008 230713s2023 sz | s |||| 0|eng d
020 _a9783031364761
_9978-3-031-36476-1
024 7 _a10.1007/978-3-031-36476-1
_2doi
040 _aKO
_beng
041 0 _aeng
082 0 4 _a327.101
_223
100 1 _aGonzález Levaggi, Ariel.
_eauthor.
_4aut
_4http://id.loc.gov/vocabulary/relators/aut
245 1 0 _aGreat Power Competition in the Southern Oceans
_h[electronic resource] :
_bFrom the Indo-Pacific to the South Atlantic /
_cby Ariel González Levaggi.
250 _a1st ed. 2023.
264 1 _aCham :
_bSpringer Nature Switzerland :
_bImprint: Palgrave Macmillan,
_c2023.
300 _aXVII, 269 p. 3 illus., 2 illus. in color.
_bonline resource.
338 _aonline resource
490 1 _aPalgrave Studies in Maritime Politics and Security,
_x2730-7980
505 0 _aChapter 1: Between threats and capabilities: maritime strategies in the era of great power competition -- Part 1: Maritime Strategies of Great Powers in the 21st Century -- Chapter 2: United States: naval hegemony faces the Eurasian challenge -- Chapter 3: People's Republic of China: the 'blue' dream of a maritime challenger -- Chapter 4: Russia's maritime strategy: between naval modernization and power projection -- Chapter 5: Republic of India: a democratic power with maritime aspirations -- Part 2: Naval Competition in the Oceans of the Global South -- Chapter 6: Indo-Pacific: clash of the titans -- Chapter 7: The South Atlantic and the global strategic competition.
520 _aGreat power competition is the watermark of the current global scenario. In this regard, the maritime and naval dimension have a particular relevance on the struggle for regional and global hegemony. This book has the potential to engage with multiple audiences, since develops an analytic approach to understand naval great power competition in the maritime spaces of the Global South. It is set within a neoclassical realism approach, while engaging literature from international relations, international security, and studies on the Indo-Pacific and the South Atlantic security dynamics. The book offers a unique conceptual framework to understand how great powers select their maritime strategies, presents a series of regional and global maritime strategies by the United States, China, Russia and India, while assess their impact in the Southern Oceans, focusing in the Indo-Pacific realm and the South Atlantic. Dr. Ariel González Levaggi is Associate Professor at the Department of Political Sciences and International Relations of the Faculty of Social Sciences, Pontifical Catholic University of Argentina. He is also Senior Researcher at the Center for Research and Strategic Studies of the Argentine Navy, Associate Researcher of the regional think tank CRIES, Co-Chair of the Section 'Asia and the Americas' at the Latin American Studies Association (LASA) and Senior Associate (Non- Resident) at the Americas Program of the Center for Strategic and International Studies (CSIS). .
650 0 _aInternational relations.
650 0 _aSecurity, International.
650 1 4 _aInternational Relations Theory.
650 2 4 _aInternational Security Studies.
830 0 _aPalgrave Studies in Maritime Politics and Security,
_x2730-7980
856 4 0 _uhttps://doi.org/10.1007/978-3-031-36476-1
904 _aRUDRA_R
905 _aR_RANJAN
942 _2ddc
_cEB
999 _c3201
_d3201